Esculturas de Picaso: obra completa

محفوظ في:
التفاصيل البيبلوغرافية
المؤلف الرئيسي: Spies, Werner (مؤلف)
التنسيق: كتاب
اللغة:الإسبانية
منشور في: Barcelona Gustavo Gili 1971
الموضوعات:
الوسوم: إضافة وسم
لا توجد وسوم, كن أول من يضع وسما على هذه التسجيلة!

MARC

LEADER 00000nam a2200000 a 4500
001 UCU9505
003 CL-VaPUC
008 960823e19710000SP |||||||||||||||||spa|d
082 0 4 |a 730.92  |b SPI  |2 21 
100 0 |a Spies, Werner  |e author  |9 368696 
245 1 0 |a Esculturas de Picaso: obra completa 
300 |a 330 p 
942 |c BK 
945 |d 19960823 00:00:00  |a rleighto 
260 |a Barcelona  |b Gustavo Gili  |c 1971 
600 0 7 |a PICASSO, PABLO  |2 CL-VaPUC  |9 265273 
650 0 |a Esculturas  |9 344688 
650 0 |a Artistas   |9 262026 
650 0 |a Obras de arte  |9 337253 
650 0 |a Escultura española   |9 341226 
651 0 |a España  |9 254926 
583 |a last modification  |c 19960823 00:00:00  |k Rodrigo Vera 
999 |c 251235  |d 251233 
952 |0 0  |1 0  |4 0  |6 730_920000000000000_SPI_1971  |7 0  |8 A  |9 270260  |a BIBARQ  |b BIBARQ  |d 2019-11-19  |i 3223418  |o 730.92 SPI 1971  |p 3223418  |r 2025-01-20  |w 2019-11-19  |y BK  |k ARQ